000 01660cam a22004574i 4500
003 PE-LiUPU
005 20250731184515.0
008 150617s r 000 0 d
035 _a(Sirsi) a16718
040 _aPE-LiUPU
_bspa
_cPE-LiUPU
_erda
049 _aPRUA
082 0 4 _a985.32
_bC117m
_223
100 1 _aCabrera Darquea, Javier,
_eautor.
245 1 3 _aEl mensaje de las piedras grabadas de Ica /
_cJavier Cabrera Darquea ; editor, Ernesto Alejandro Cabrera Claux.
264 1 _aLima :
_bInti Sol,
_c1976.
300 _a372 páginas :
_bilustrado (algunas a color), mapa ;
_c21 centímetros.
336 _atext
_2rdacontent
337 _aunmediated
_2rdamedia
338 _avolume
_2rdacarrier
490 0 _a(Colección Documentos)
505 0 _aExistio otra humanidad -- La clave de los gliptolitos -- Testimonios de escritura gliptolitica -- El ministerio de ocucaje y el secreto de los incas -- Medicina gliptolítica -- Planetas habitados por el hombre -- Implantación del conocimiento -- Concepción gliptolitica del iniverso -- El espaciopuerto de la pampa de Nasca -- El hombre reflexiona sobre el hombre.
526 _aP136
526 _aP135
526 _aP134
526 _aP133
526 _aP144
526 _aP143
526 _aP87
526 _aP35
526 _aP20
526 _aP14
526 _aP10
526 _aP06
650 1 4 _aPetroglifos
_zPerú
_zIca.
_94369
650 1 4 _aDibujos nasquenses
_94370
700 _aCabrera Claux, Ernesto Alejandro,
_d1956-
_eeditor.
_94371
910 _ajck
942 _2ddc
_cBK
999 _c15931
_d15931
980 _81
_gALBERTO SANCHEZ Responsable de Automatización